000 00559nam a2200193Ia 4500
008 131103s9999 xx 000 0 und d
040 _aLoreto College
041 _aEnglish
082 _a822.33(ID)/MAC/VER/822.33/T5/SHA
_b#NAME?
245 _aShakespeare
_b Macbeth
_cedited by A.W.Verity
260 _aCambridge
_bCambridge University Press
_c1947
300 _axxxvi,208 p.
_c 17 cm.
504 _aIncludes index
650 _aEnglish Drama
651 _aShakespeare,William - Macbeth
700 _aVerity,A.W.,ed.
850 _aLCLIB
942 _cBK
999 _c4314
_d54793